Statistics for 以每个声母为首的中国最大城市

Click here to take the quiz!

General Stats

  • This quiz has been taken 2 082 times
  • The average score is 12 of 23

Answer Stats

声母城市% Correct
b北京
99%
sh上海
92%
g广州
85%
n南京
79%
ch成都
77%
h杭州
71%
w武汉
70%
t天津
68%
x西安
67%
zh郑州
66%
q青岛
56%
f福州
55%
s苏州
54%
j济南
52%
k昆明
37%
l兰州
35%
r日照
27%
d东莞
25%
z淄博
12%
y烟台
12%
p莆田
8%
m绵阳
4%
c慈溪
3%

Score Distribution

Percentile by Number Answered

Percent of People with Each Score

Your Score History

You have not taken this quiz